Bach : The Organ Works : Part III of the Clavier-Ubung, Chorale Settings, Canonic Variations on the Christmas Hymn Vom Himmel hoch, Chorale An Wasserflüssen Babylon, Chorale Setting Valet will ich dir geben /
Shranjeno v:
| Glavni avtor: | |
|---|---|
| Korporativna značnica: | |
| Format: | Avdio |
| Izdano: |
Hamburgo, Alemania :
Deutsche Grammophon,
1971, c1971
|
| Serija: | (Collectors Edition)
(Archiv Produktion) |
| Teme: | |
| Oznake: |
Brez oznak, prvi označite!
|
MARC
| LEADER | 00000njm^a2200000^a^4500 | ||
|---|---|---|---|
| 001 | 000189538 | ||
| 005 | 20250521000000.0 | ||
| 009 | 20260310102418.646 | ||
| 037 | |a Acervo ITESO - Biblioteca | ||
| 041 | |a SON | ||
| 082 | |a 784. 04 |b BAC JOH V. 9 | ||
| 100 | |a Bach, Johann Sebastian |e (música) | ||
| 240 | 1 | 1 | |a [Bach: The Organ Works] |
| 240 | 1 | 1 | |a [Clavier-Ubung] |
| 240 | 1 | 1 | |a [Preludios de coral, de Johann Sebastian Bach] |
| 240 | 1 | 1 | |a [Vom Himmel hoch] |
| 240 | 1 | 1 | |a [Junto a los ríos de Babilonia] |
| 240 | 1 | 1 | |a [Valet will ich dir geben] |
| 245 | 1 | 0 | |a Bach : |b The Organ Works : Part III of the Clavier-Ubung, Chorale Settings, Canonic Variations on the Christmas Hymn Vom Himmel hoch, Chorale An Wasserflüssen Babylon, Chorale Setting Valet will ich dir geben / |c Música de J.S. Bach ; órgano tubular H. Walcha, en el órgano Silbermann de la Iglesia de Saint-Pierre-le-Jeune de Estrasburgo, Francia. |
| 264 | 4 | |a Hamburgo, Alemania : |b Deutsche Grammophon, |c 1971, c1971 | |
| 300 | |a 1 disco compacto sonoro (62 min.) | ||
| 336 | |a música interpretada |b prm |2 rdacontenido | ||
| 337 | |a audio |b s |2 rdamedio | ||
| 338 | |a disco sonoro |b sd |2 rdasoporte | ||
| 440 | 1 | |a (Collectors Edition) | |
| 440 | 1 | |a (Archiv Produktion) | |
| 545 | 0 | |a Calificado por los expertos como el máximo representante de la música barroca, Johann Sebastian Bach (Eisenach, 1685 – Leipzig, 1750) nació en una familia de gran tradición musical y se formó inicialmente con su padre (violín y rudimentos de teoría) y con su hermano (teclados), para estudiar luego en la Escuela de San Miguel en Lüneburg. Muy joven fue nombrado organista y músico de cámara (1708-1717) en la corte del Duque de Saxe-Weimar, época en que compuso muchas de sus mejores obras para órgano. Después estuvo cinco años como Kapellmeister del príncipe Leopold de Anhalt Köthen, período que vio nacer los Conciertos de Brandenburgo, varios de sus conciertos para violín y numerosas sonatas. Posteriormente se estableció en Leipzig como cantor de la Escuela de Santo Tomás y compositor de la corte del Príncipe Elector de Sajonia; a esos años pertenecen el Magnificat, las tres pasiones (San Juan, San Mateo, San Marcos), los tres oratorios (Navidad, Pascua, Asunción) y múltiples cantatas, entre otros. La crítica considera que Bach hizo una síntesis magistral de las formas y estilos existentes, llevando a su esplendor las posibilidades técnicas y estéticas de la polifonía y produciendo una obra que aúna la perfección técnica con la belleza y la profundidad intelectual. Además de lo ya citado, en su extensa obra destacan también El clave bien temperado, la Fantasía cromática y fuga, la Misa en Si menor, el Clavier-Ubung, el Concierto italiano, El arte de la fuga, la Ofrenda musical y las Variaciones Goldberg. | |
| 649 | |a XX | ||
| 650 | |a Organo Tubular - |z Alemania | ||
| 650 | |a Instrumentos de Viento - |z Alemania | ||
| 650 | |a Misa (Música) - |z Alemania | ||
| 650 | |a Himno Litúrgico - |z Alemania | ||
| 650 | |a Coral de Organo - |z Alemania | ||
| 650 | |a Música Sacra - |z Alemania | ||
| 650 | |a Música Barroca - |z Alemania | ||
| 650 | |a Música de Concierto - |z Alemania | ||
| 650 | |a Música Alemana - |y Siglo XVIII | ||
| 740 | 0 | |a Part III of the Clavier-Ubung, Orgelmesse, BWV 684-689, Continuation / |c Música de J.S. Bach ; órgano tubular H. Walcha, en el órgano Silbermann de la Iglesia de Saint-Pierre-le-Jeune de Estrasburgo, Francia. | |
| 740 | 0 | |a Chorale Settings, BWV 733, 734, 700 / |c Música de J.S. Bach ; órgano tubular H. Walcha, en el órgano Silbermann de la Iglesia de Saint-Pierre-le-Jeune de Estrasburgo, Francia. | |
| 740 | 0 | |a Canonic Variations on the Christmas Hymn Vom Himmel hoch, da komm ich her, BWV 769 / |c Música de J.S. Bach ; órgano tubular H. Walcha, en el órgano Silbermann de la Iglesia de Saint-Pierre-le-Jeune de Estrasburgo, Francia. | |
| 740 | 0 | |a Chorale An Wasserflüssen Babylon, BWV 653b / |c Música de J.S. Bach ; órgano tubular H. Walcha, en el órgano Silbermann de la Iglesia de Saint-Pierre-le-Jeune de Estrasburgo, Francia. | |
| 740 | 0 | |a Chorale Settings Valet will ich dir geben, BWV 736 / |c Música de J.S. Bach ; órgano tubular H. Walcha, en el órgano Silbermann de la Iglesia de Saint-Pierre-le-Jeune de Estrasburgo, Francia. | |
| 710 | |a Walcha, Helmut |e (ejecución musical) | ||
| 910 | |a Fondo General | ||
| 920 | |a Sonoros - CDs | ||
| 940 | |a CDs de Música | ||
| 905 | |a 401 | ||
| 901 | |a 0500148494 |b IT2 |c CDM |u 20250521 | ||
| 902 | |a https://opac.biblio.iteso.mx/vufind/Record/000189538 | ||